00717nam a22002057a 450000500170000001000150001702000260003203500140005803700130007208200080008510000280009324500410012126000570016227000670021930000300028670000280031694200220034499900190036695201260038520240520125131.0 aENG-140379 c350.00a9789384963712 aEN-123911 bDBAD/PUB a202 aPatel, Kamlesh D966454 aDesigning Destiny/cKamlesh D. Patel aKolkatabSpiritual hierarchy Publication Trustc2017 aSpiritual hierarchy Publication Trust Kolkata 700 027bKolkata a192p.c24cm(pb)bPictures aPatel Kamlesh D.966432 2ddccENmPATh202 c203012d203012 001040708NFICaCJbCJd2024-05-20eDBADg350.00l0oPAT 202pEN-123911r2024-05-20 00:00:00t1v350.00w2024-05-20yEN